| 000 | 00896nam a2200229 i 4500 | ||
|---|---|---|---|
| 001 | 8323 | ||
| 003 | KOSZ 005 | ||
| 005 | 20191012105747.0 | ||
| 008 | 170701s1950 pl a f 000 0 pol | ||
| 040 |
_aWA N _cKOSZ 005/RW _dKOSZ 005/RW |
||
| 080 | _a53:62(075) | ||
| 100 | 1 |
_aRutecki, Jerzy _d(1916-1967). _eAutor. |
|
| 245 | 0 |
_aZbiór zadań z wytrzymałości materiałów / _cJ. Rutecki ; [słowo wstępne M. T. Huber]. |
|
| 260 |
_a[S.l.] : _bPaństwowe Zakłady Wydawnictw Szkolnych, _c1960. |
||
| 300 |
_a[5], 554, [2] s. : _bil. ; _c30 cm. |
||
| 380 | _aKsiążki | ||
| 655 | 4 | _aĆwiczenia i zadania dla szkół wyższych | |
| 650 | 4 | _aWytrzymałość materiałów | |
| 710 | 2 |
_aPaństwowe Zakłady Wydawnictw Szkolnych _4pbl. |
|
| 856 |
_uhttp://koha.tu.koszalin.pl/cgi-bin/koha/opac-detail.pl?biblionumber=8323 _yKatalog online BPK |
||
| 942 |
_2UKD _cKS |
||
| 999 |
_c8323 _d8323 |
||